al-fan al-islami bibilad faris /

محفوظ في:

المؤلف الرئيسي: Barite, Douglas (مؤلف)

مؤلفون آخرون: ʿĪsā, Aḥmad Muḥammad

التنسيق: كتاب

اللغة: Arabic
Undetermined

الموضوعات:

الوسوم: إضافة وسم

لا توجد وسوم, كن أول من يضع وسما على هذه التسجيلة!

رقم الطلب:

LEADER 01498nam a2200265Ia 4500
005 20200322150816.0
008 130303s1960 xx f g 000 0 ara d
041 1 |a ra  |h und 
043 |a a-ir--- 
100 1 |a Barite, Douglas,  |e author.  |9 26252 
245 1 3 |6 880-02  |a al-fan al-islami bibilad faris /  |c taʼlīf Douglas Barite ; tarjamat Aḥmad Muḥammad ʿĪsa. 
880 1 2 |6 245-02/(3/r  |a الفن الإسلامي ببلاد فارس /‪‪‪‪‪‪‪‪‪‪‪‪‪‪‪‪‪‪‪‪‪‪‪‪‪‪‪‪‪‪‪‪‪‪‪‪‪‪‪‪‪‪‪‪‪‪‪‪‪‪‪‪‪‪‪‪‪‪‪‪‪‪‪‪‪‪‪‪‪‪‪‪‪‪‪  |c تأليف دوجلاس باريت ؛ ترجمة أحمد محمد عيسى.‪‪‪‪‪‪‪‪‪‪‪‪‪‪‪‪‪‪‪‪‪‪‪‪‪‪‪‪‪‪‪‪‪‪‪‪‪‪‪‪‪‪‪‪‪‪‪‪‪‪‪‪‪‪‪‪‪‪‪‪‪‪‪‪‪‪‪‪‪‪‪‪‪‪‪ 
264 1 |a [Place of publication not identified] :  |b [publisher not identified],  |c 1960. 
300 |a 73 pages :  |b Plats ;  |c 25 cm 
336 |a text  |b txt  |2 rdacontent 
337 |a unmediated  |b n  |2 rdamedia 
338 |a volume  |b nc  |2 rdacarrier 
555 |a barakat.lib 
555 |a Nawal. 
650 0 |a Islam  |z Iran. 
650 0 |a Islamic art  |z Iran. 
700 1 |a ʿĪsā, Aḥmad Muḥammad, 
952 |0 0  |1 0  |2 lcc  |4 0  |7 1  |9 27106  |a ARCE  |b ARCE  |d 2022-01-25  |l 0  |r 2022-01-25 00:00:00  |w 2022-01-25  |y BK 
999 |c 24079  |d 24079 
942 |c BK  |2 lcc